LEADER 00891nam0-22003011i-450- 001 990003089520403321 035 $a000308952 035 $aFED01000308952 035 $a(Aleph)000308952FED01 035 $a000308952 100 $a20000920d--------km-y0itay50------ba 101 0 $aita 102 $aIT 200 1 $aGrowth Maximizing Patent Lifetime$fAlberto Bucci, H. Cagri Saglam 225 1 $aQuaderni di ricerca$fUniversità degli studi di Ancona, Dipartimento di economia$v138 610 0 $aCrescita economica e innovazioni tecnologiche 676 $aF/3.3 676 $aG/1.4 700 1$aBucci,$bAlberto$035649 701 1$aSaglam,$bHüseyin Cagri$0375383 801 0$aIT$bUNINA$gRICA$2UNIMARC 901 $aBK 912 $a990003089520403321 952 $aPaper$fSES 959 $aSES 996 $aGrowth Maximizing Patent Lifetime$9459279 997 $aUNINA DB $aING01